000
00230nam a2200097Ia 4500
008
240331s9999 xx 000 0 und d
082
_b
COM
100
_a
Soanes, C. ed
245
4
_a
The compact Oxford reference dictionary
942
_c
L
999
_c
3243
_d
3243